| 000 | 00398nam a22001577a 4500 | ||
|---|---|---|---|
| 003 | SISC | ||
| 005 | 20160602105017.0 | ||
| 008 | 160602b xxu||||| |||| 00| 0 eng d | ||
| 020 | _a9780142415566 | ||
| 050 |
_aPZ 7 _b.D475 2009 |
||
| 100 | _aDessen, Sarah. | ||
| 245 |
_aAlong for the ride / _cSarah Dessen. |
||
| 260 |
_aNY : _bSpeak, _c2009. |
||
| 300 |
_a399 pages ; _c22 cm. |
||
| 942 |
_2lcc _cBK |
||
| 999 |
_c295571 _d295571 |
||